000 00677nam a2200253Ia 4500
003 OSt
005 20221005072959.0
006 a|||||r|||| 00| 0
007 ta
008 221004b |||||||| |||| 00| 0 eng d
024 _a28352
037 _cTextual
040 _aCRL
_cCRL
_beng
041 _2eng
_aeng
082 _aE:(P111:4k), H2;M4
100 _aHawley Gessner G Ed.
_9607624
245 0 _aCondensed chemical dictionary
250 _a10th
260 _aNew Delhi
_bGalgotia Book Source
_c1984
300 _a1135p
_ccm.
650 _aCHEMISTRY
942 _hE:(P111:4k), H2;M4
_cTEXL
_2cc
999 _c980353
_d980353